[Event "Nachod op"]
[Site "Nachod"]
[Date "2012.07.06"]
[Round "7"]
[White "Bezdicek, Milos"]
[Black "Vitek, Dominik"]
[Result "0-1"]
[WhiteElo "1760"]
[BlackElo "1100"]
[PlyCount "114"]
[EventDate "2012.06.30"]
[EventType "swiss"]
[EventRounds "9"]
[EventCountry "CZE"]
[SourceTitle "CBM 149 Extra"]
[Source "ChessBase"]
[SourceDate "2012.08.24"]
[SourceVersion "1"]
[SourceVersionDate "2012.08.24"]
[SourceQuality "1"]

1. d4 g6 2. c4 c5 3. d5 d6 4. Nc3 Nf6 5. e4 e5 6. Bd3 Bg7 7. Nge2 Na6 8. a3 Bd7 9. 0-0 0-0 10. f4 Nh5 11. f5 Bf6 12. g4 Ng7 13. Ng3 Bg5 14. Qf3 Bxc1 15. Raxc1 Qg5 16. Rc2 h5 17. h3 h4 18. Nh1 gxf5 19. exf5 f6 20. Ne4 Qh6 21. Nxd6 b6 22. Re2 Ne8 23. Ne4 Rd8 24. Qe3 Qxe3+ 25. Rxe3 Bc8 26. Nc3 Nac7 27. Nf2 Nd6 28. Nfe4 Ba6 29. b3 Kf7 30. a4 Rg8 31. Nd2 Bc8 32. Kh2 Na6 33. Nf3 Rh8 34. Na2 Rdg8 35. Nd2 Re8 36. Ne4 Ke7 37. Nac3 Rd8 38. Ra1 Nb4 39. a5 Ba6 40. Nxd6 Rxd6 41. Be4 Rb8 42. Ne2 b5 43. cxb5 Bxb5 44. Nc3 a6 45. Kg2 Rd7 46. Kf3 Rc7 47. Rd1 Kd6 48. Bc2 Rbc8 49. Ne4+ Ke7 50. g5 fxg5 51. Nxg5 Kf6 52. Kg4 Rg8 53. d6 Rxg5+ 54. Kf3 Rg3+ 55. Kf2 Rxe3 56. Kxe3 Rd7 57. Rd5 Nxd5+ 0-1

[Event "Nachod op"]
[Site "Nachod"]
[Date "2012.06.30"]
[Round "1"]
[White "Velecky, Viktor"]
[Black "Bezdicek, Milos"]
[Result "1-0"]
[WhiteElo "2169"]
[BlackElo "1760"]
[PlyCount "81"]
[EventDate "2012.06.30"]
[EventType "swiss"]
[EventRounds "9"]
[EventCountry "CZE"]
[SourceTitle "CBM 149 Extra"]
[Source "ChessBase"]
[SourceDate "2012.08.24"]
[SourceVersion "1"]
[SourceVersionDate "2012.08.24"]
[SourceQuality "1"]

1. c4 Nf6 2. Nc3 b6 3. e4 e5 4. Nf3 Nc6 5. a3 a5 6. Be2 Bc5 7. 0-0 d6 8. h3 0-0 9. d3 h6 10. Rb1 Nd4 11. b4 axb4 12. axb4 Nxf3+ 13. Bxf3 Bd4 14. Nb5 c5 15. bxc5 bxc5 16. Nxd4 cxd4 17. Qb3 Nd7 18. Be2 Ra6 19. f4 Rb6 20. Qc2 Rxb1 21. Qxb1 Qc7 22. Rf3 f5 23. exf5 Rxf5 24. fxe5 Nxe5 25. Rg3 Rf6 26. Bb2 Qc5 27. Qa1 Rf4 28. Qa8 Kh7 29. Ba3 Qc7 30. Qd5 Rf6 31. Qxd4 Qa5 32. Bxd6 Qe1+ 33. Kh2 Qxe2 34. Bxe5 Rg6 35. Rxg6 Kxg6 36. Bxg7 Qe6 37. Be5 Qc6 38. Qf4 Bb7 39. Qg4+ Kf7 40. Qg7+ Ke8 41. d4 1-0